Estudios referentes a servicios de marina en Filipinas (Record no. 180703)

MARC details
000 -LEADER
campo de control de longitud fija 00716nam a2200205 i 4500
001 - NÚMERO DE CONTROL
campo de control 180703
003 - IDENTIFICADOR DE NÚMERO DE CONTROL
campo de control ES-MaACL
005 - FECHA Y HORA DE LA ÚLTIMA TRANSACCIÓN
campo de control 20230906221152.0
007 - CAMPO FIJO DE DESCRIPCIÓN FÍSICA--INFORMACIÓN GENERAL
campo de control de longitud fija t|
008 - DATOS DE LONGITUD FIJA--INFORMACIÓN GENERAL
campo de control de longitud fija 120627q1880 sp |||| | spa
100 1# - ENTRADA PRINCIPAL--NOMBRE DE PERSONA
Nombre de persona Concas y Palau, Víctor.
9 (RLIN) 40067
245 10 - MENCIÓN DEL TÍTULO
Título Estudios referentes a servicios de marina en Filipinas
Resto del título : Joló /
Mención de responsabilidad, etc. Victor María Concas y Palau.
260 ## - PUBLICACIÓN, DISTRIBUCIÓN, ETC.
Lugar de publicación, distribución, etc. [Madrid. :
Nombre del editor, distribuidor, etc. s.n.,
Fecha de publicación, distribución, etc. 1880?]
300 ## - DESCRIPCIÓN FÍSICA
Extensión P. [615]-639 ;
Dimensiones 24 cm.
594 ## - Nota al título y mención de responsabilidad
Nota al título y mención de responsabilidad Datos tomados de principio del texto, sin portada.
595 ## -
-- Separata de: Revista general de la Marina, t. 11.
650 ## - PUNTO DE ACCESO ADICIONAL DE MATERIA--TÉRMINO DE MATERIA
Término de materia o nombre geográfico como elemento de entrada Marina de guerra-
Subdivisión geográfica Filipinas.
9 (RLIN) 150782
651 #4 - PUNTO DE ACCESO ADICIONAL DE MATERIA--NOMBRE GEOGRÁFICO
Nombre geográfico Joló (Filipinas)-
Subdivisión general Historia.
9 (RLIN) 171560
852 ## - LOCALIZACIÓN
Ubicación ES-MaACL
Número de control de estantería T-511-F-4
Holdings
Estatus retirado Estado de pérdida Estado de daño No para préstamo Colección Biblioteca de origen Biblioteca actual Ubicación en estantería Fecha de adquisición Fuente de adquisición Total de préstamos Signatura topográfica completa Código de barras Visto por última vez Precio de reemplazo Tipo de ítem Koha
        Colección de folletos Biblioteca del Ateneo de Madrid Biblioteca del Ateneo de Madrid Depósito folletos 27/06/2012     T-511-F-4 1189884 23/02/2023 23/02/2023 Folleto